UBT Library

The one minute apology : (Record no. 45179)

000 -LEADER
fixed length control field 00744cam a2200241 a 4500
001 - CONTROL NUMBER
control field 13466871
005 - DATE AND TIME OF LATEST TRANSACTION
control field 20180315105426.0
008 - FIXED-LENGTH DATA ELEMENTS--GENERAL INFORMATION
fixed length control field 040123s2003 nyu 000 0 eng d
010 ## - LIBRARY OF CONGRESS CONTROL NUMBER
LC control number 2004296314
020 ## - INTERNATIONAL STANDARD BOOK NUMBER
International Standard Book Number 0688169813 (alk. paper)
035 ## - SYSTEM CONTROL NUMBER
System control number (OCoLC)ocm51310693
040 ## - CATALOGING SOURCE
Original cataloging agency B@L
Transcribing agency B@L
Modifying agency OMP
-- BKL
-- ONU
-- EYE
-- WRJ
-- DLC
041 ## - LANGUAGE CODE
Language code of text/sound track or separate title eng
042 ## - AUTHENTICATION CODE
Authentication code lccopycat
080 ## - UNIVERSAL DECIMAL CLASSIFICATION NUMBER
Universal Decimal Classification number 158.2 KEN
082 00 - DEWEY DECIMAL CLASSIFICATION NUMBER
Classification number 158.2 KEN
Edition number 22
100 1# - Rafti
Rafti 58
101 ## - Shkurtesa
Shkurtesa BUS
245 14 - TITLE STATEMENT
Title The one minute apology :
Statement of responsibility, etc Ken Blanchard and Margret McBride.
906 ## - LOCAL DATA ELEMENT F, LDF (RLIN)
a 7
b cbc
c copycat
d 2
e ncip
f 20
g y-gencatlg
942 ## - ADDED ENTRY ELEMENTS (KOHA)
Source of classification or shelving scheme
Item type Books
Holdings
Withdrawn status Lost status Source of classification or shelving scheme Damaged status Not for loan Collection code Permanent location Current location Shelving location Date acquired Total Checkouts Full call number Barcode Date last seen Price effective from Koha item type
          Koleksioni i përgjithshem UBT - Lipjan UBT - Lipjan Koleksioni i përgjithshem 03/15/2018   158.2 KEN 002-3001916 03/15/2018 03/15/2018 Books
            UBT - Lipjan UBT - Lipjan   03/15/2018   158.2 KEN 002-3001895 03/15/2018 03/15/2018 Books
UBT Library © 2015-2024. All rights reserved University Education for Business and Technology